000 00332nam a2200121Ia 4500
008 240731s9999 xx 000 0 und d
022 _a1178-7015
245 0 _aClinical, Cosmetic and Investigational Dermatology
260 _bDove Medical Press
856 _uhttps://www.tandfonline.com/loi/dcci20
942 _2ddc
942 _cTFEJ
999 _c75915
_d75915
945 _a1
_bMadushi Gamage
_c1
_dMadushi Gamage